[Event "Medellin Region 1601/1800"]
[Site "Medellin"]
[Date "2010.02.23"]
[Round "4.20"]
[White "Lopez, Jose Henry"]
[Black "Gutierrez, Hector Favio"]
[Result "1-0"]
[WhiteElo "1546"]
[BlackElo "1485"]
[PlyCount "77"]
[EventDate "2010.02.17"]
[EventType "swiss"]
[EventRounds "7"]
[EventCountry "COL"]
[SourceTitle "EXT 2024"]
[Source "ChessBase"]
[SourceDate "2023.10.10"]
[SourceVersion "1"]
[SourceVersionDate "2023.10.10"]
[SourceQuality "1"]

1. e4 c5 2. Nf3 Nc6 3. c4 d6 4. Nc3 Bg4 5. Be2 Nf6 6. d3 h6 7. h3 Bd7 8. Qb3 Rb8 9. Nd5 e6 10. Nc3 a6 11. Be3 Be7 12. g4 Bc8 13. 0-0-0 b5 14. g5 b4 15. gxf6 bxc3 16. fxe7 cxb2+ 17. Qxb2 Rxb2 18. exd8Q+ Kxd8 19. Kxb2 Kc7 20. d4 Bd7 21. d5 Rb8+ 22. Ka1 Nb4 23. Rd2 e5 24. Rb1 Bxh3 25. a3 a5 26. axb4 axb4 27. Ra2 Kd8 28. Nxe5 dxe5 29. Bxc5 b3 30. Ra7 Kc8 31. d6 Bd7 32. Bd1 g5 33. Bxb3 h5 34. Ba4 Rxb1+ 35. Kxb1 Bxa4 36. Rxa4 Kd7 37. Ra7+ Kc6 38. d7 Kxc5 39. d8Q 1-0